Kandinsky (Record no. 11270)

MARC details
000 - LÍDER
campo de control de longitud fija 01660nam a2200241Ia 4500
008 - ELEMENTOS DE DATOS DE LONGITUD FIJA - INFORMACIÓN GENERAL
campo de control de longitud fija 0000002009 usad 0000000000eng00
020 ## - INTERNATIONAL STANDARD BOOK NUMBER
International Standard Book Number 9780892073900
090 ## - NÚMERO DE LLAMADA DE TIPO LC LOCALMENTE ASIGNADO (OCLC)
Número de clasificación (OCLC) (R) PRU00 K15k
245 10 - TÍTULO DECLARACIÓN
Título Kandinsky
Declaración de responsabilidad / Vivian Endicott Barnett ...[et al.]
260 ## - PUBLICACIÓN, DISTRIBUCIÓN
Lugar de publicación New York : Solomon R. Guggenheim Museum
Fecha de publicación 2009
300 ## - DESCRIPCIÓN FÍSICA
Alcance 319 p.
Dimensiones / 26 cm.
500 ## - NOTA GENERAL
Nota general Exposición realizada en Stadtische Galerie im Lenbachhous und Kunstbau, Munich, octubre 25, 2008 Marzo 8, 2009; Centre Pompidou, Paris, abril 8 agosto 10, 2009; Salomon r. Guggenheim Museum, New York, septiembre 18, 2009 enero 13, 2010 \ Proyecto Ganador Programa Apoyos Concertados FGAA 2010
501 ## - Con nota
Con nota Vasily Kandinsky: abstract, absolute concrete / Anngret Hoberg The artist reinvents himself, changes, crises, turning points / Vivian Endicott Barnett The theater of pictures Kandinsky's abstraction of abstraction / Matthias Haldemann Kandinsky and the Cahiers d'art, 192744 / Christian Derouet Kandinsky and America in General / Tracey Bashkoff Kandinsky's materials and techniques: a preliminary study of five paintings / Gillian Mcm.illan and Vanessa Kowalski
600 00 - ENTRADA DE SUJETO AÑADIDO - NOMBRE PERSONAL
Nombre de la persona KANDINSKY, BASILIO, 18661944 CRITICA E INTERPRETACION \ KANDINSKY, BASILIO, 18661944/
Subdivisión general TRABAJOS PICTORICOS
650 14 - ENTRADA DE SUJETO AÑADIDO - TÉRMINO TÓPICO
Término tópico o elemento de entrada del nombre geográfico ARTE CONTEMPORANEO RUSO
650 14 - ENTRADA DE SUJETO AÑADIDO - TÉRMINO TÓPICO
Término tópico o elemento de entrada del nombre geográfico ARTISTAS PLASTICOS RUSOS
650 14 - ENTRADA DE SUJETO AÑADIDO - TÉRMINO TÓPICO
Subdivisión general CATALOGOS
650 14 - ENTRADA DE SUJETO AÑADIDO - TÉRMINO TÓPICO
Subdivisión general EXPOSICIONES
650 14 - ENTRADA DE SUJETO AÑADIDO - TÉRMINO TÓPICO
Término tópico o elemento de entrada del nombre geográfico PINTORES RUSOS
650 14 - ENTRADA DE SUJETO AÑADIDO - TÉRMINO TÓPICO
Término tópico o elemento de entrada del nombre geográfico PINTURA ABSTRACTA
650 14 - ENTRADA DE SUJETO AÑADIDO - TÉRMINO TÓPICO
Término tópico o elemento de entrada del nombre geográfico PINTURA RUSA
700 1# - ENTRADA AGREGADA - NOMBRE PERSONAL
Nombre de la persona Endicott Barnett, Vivian \ Bashkoff, Tracey \ Hoberg, Annegret \ Haldemann, Matthias \ Derouet, Christian \ Mcm.illan, Gillian \ Kowalski, Vanessa
Holdings
Estado de retirada Pérdida de estatus Estado dañado No para préstamo Código de recogida Ubicación permanente Ubicación actual Ubicación de las estanterías Fecha de adquisición Número de llamada completo Código de barras Fecha de la última vez que se vio Número de copia Precio efectivo desde Tipo de artículo Koha
        General ArtNexus ArtNexus General 06/09/2022 P-RU-00 K15K 11384 06/09/2022 Ej.1 06/09/2022 Libro

Powered by Koha